000 00937nam a22002535i 4500
001 162033
003 ES-MaACL
005 20240608063003.0
008 940301s1890 sp |||| | spa d
040 _bspa
_cES-MaACL
080 _a821.134.2-83"18"
100 1 _aPi y Margall, Francisco,
_d1824-1901
_991732
_eaut
245 1 4 _aLas luchas de nuestros días :
_bprimeros diálogos /
_cpor F. Pi y Margall.
260 _aMadrid :
_bEl Progreso Tipográfico,
_c1890.
300 _a441 páginas ;
_c19 cm.
530 _aDisponible en formato digital
852 _aES-MaACL
_cSPAL
_jC-3568
_xHolandesa
852 _aES-MaACL
_cSPP2
_jF-10366
_xPasta española
852 _aES-MaACL
_cSPAL
_jC-3571
_xHolandesa
857 _uhttp://bdh-rd.bne.es/viewer.vm?id=0000204493&page=1
_yVersión en línea
_z(Biblioteca Digital Hispánica)
942 _cMONANT
_n0
999 _c162033
_d162033